Southville International School and Colleges
Your cart is empty.
  • Cart
  • Lists
    Public lists Eva Luna New books Lux_list list_1
    Your lists Log in to create your own lists
  • Log in to your account
  • Your cookies
  • Search history
Southville International School and Colleges
  • Advanced search
  • Recent comments
  • Most popular
  • Libraries

Log in to your account

Log in with GOOGLE


If you do not have an external account, but do have a local account, you can still log in:

  1. Home
  2. MARC view: A Modern Chinese-English dictionary /
Normal view MARC view ISBD view

A Modern Chinese-English dictionary / (Record no. 374)

[ view plain ]
MARC details
000 -LEADER
fixed length control field 01538cam a2200373 a 4500
001 - CONTROL NUMBER
control field 5143852
003 - CONTROL NUMBER IDENTIFIER
control field OSt
005 - DATE AND TIME OF LATEST TRANSACTION
control field 20140310181627.0
008 - FIXED-LENGTH DATA ELEMENTS--GENERAL INFORMATION
fixed length control field 900130s1988 cc a d 001 0 chi
010 ## - LIBRARY OF CONGRESS CONTROL NUMBER
LC control number 90102373
020 ## - INTERNATIONAL STANDARD BOOK NUMBER
International Standard Book Number 7560004865 :
Terms of availability RMBY14.70
035 ## - SYSTEM CONTROL NUMBER
System control number (CStRLIN)DCLP90-B2413
040 ## - CATALOGING SOURCE
Original cataloging agency DLC-R
Transcribing agency DLC-R
Modifying agency DLC-R
-- CStRLIN
-- DLC-R
-- DLC
041 0# - LANGUAGE CODE
Language code of text/sound track or separate title chieng
050 00 - LIBRARY OF CONGRESS CALL NUMBER
Classification number PL 1455
Item number .M689 1988
066 ## - CHARACTER SETS PRESENT
Alternate G0 or G1 character set $1
082 00 - DEWEY DECIMAL CLASSIFICATION NUMBER
Classification number REF 495.1
-- 20
Item number X4 1988
245 00 - TITLE STATEMENT
Title A Modern Chinese-English dictionary /
Statement of responsibility, etc Editorial Division.
260 ## - PUBLICATION, DISTRIBUTION, ETC. (IMPRINT)
Linkage 880-02
Place of publication, distribution, etc Beijing Shi :
Name of publisher, distributor, etc Wai yu jiao xue yu yan jiu chu ban she :
-- Xin hua shu dian Beijing fa xing suo,
Date of publication, distribution, etc 1988.
300 ## - PHYSICAL DESCRIPTION
Extent 32, 1219 p. :
Other physical details ill. ;
Dimensions 19 cm.
504 ## - BIBLIOGRAPHY, ETC. NOTE
Bibliography, etc Includes bibliographical references (p. [6]).
520 ## - SUMMARY, ETC.
Summary, etc 1. Chinese-English--Dictionary
521 ## - TARGET AUDIENCE NOTE
Target audience note
Source Lexile
541 ## - IMMEDIATE SOURCE OF ACQUISITION NOTE
-- 1
562 ## - COPY AND VERSION IDENTIFICATION NOTE
Number of copies For circulation. 1 copy in the collection
650 #0 - SUBJECT ADDED ENTRY--TOPICAL TERM
Topical term or geographic name as entry element Chinese language
Form subdivision Dictionaries
General subdivision English.
710 2# - ADDED ENTRY--CORPORATE NAME
Linkage 880-03
Corporate name or jurisdiction name as entry element Wai yu jiao xue yu yan jiu chu ban she.
Subordinate unit Ci dian bian ji shi.
740 0# - ADDED ENTRY--UNCONTROLLED RELATED/ANALYTICAL TITLE
Uncontrolled related/analytical title Modern Chinese-English dictionary.
880 00 - ALTERNATE GRAPHIC REPRESENTATION
Linkage 245-01/$1
a 现代漢英词典 /
c 本社词典编辑室编 = A Modern Chinese-English dictionary / edited by Editorial Division.
880 ## - ALTERNATE GRAPHIC REPRESENTATION
Linkage 260-02/$1
a 北京市 :
b 外语教学与硏究出版社 :
-- 新华书店北京发行所发行,
c 1988.
880 2# - ALTERNATE GRAPHIC REPRESENTATION
Linkage 710-03/$1
a 外语教学与硏究出版社.
b 词典编辑室.
906 ## - LOCAL DATA ELEMENT F, LDF (RLIN)
a 7
b cbc
c orignew
d u
e ncip
f 19
g y-rlinjack
942 ## - ADDED ENTRY ELEMENTS (KOHA)
Source of classification or shelving scheme Library of Congress Classification
Koha item type
Call number prefix
Holdings
Withdrawn status Lost status Source of classification or shelving scheme Damaged status Home library Current library Shelving location Date acquired Total Checkouts Full call number Barcode Date last seen Copy number Price effective from Koha item type
    Library of Congress Classification   Luxembourg Library Luxembourg Library Reference Section 07/04/2013   PL 1455 .M689 1988 18823 08/07/2019 1 10/03/2013 Books

A Modern Chinese-English dictionary /

APA

Wai yu jiao xue yu yan jiu chu ban she, . (1988). A Modern Chinese-English dictionary. Beijing Shi: Wai yu jiao xue yu yan jiu chu ban she.

Chicago

Wai yu jiao xue yu yan jiu chu ban she, . 1988. A Modern Chinese-English dictionary. Beijing Shi: Wai yu jiao xue yu yan jiu chu ban she.

Harvard

Wai yu jiao xue yu yan jiu chu ban she, . (1988). A Modern Chinese-English dictionary. Beijing Shi: Wai yu jiao xue yu yan jiu chu ban she.

MLA

Wai yu jiao xue yu yan jiu chu ban she, . A Modern Chinese-English dictionary. Beijing Shi: Wai yu jiao xue yu yan jiu chu ban she. 1988.

  • Print
  • Cite
  • Add to your cart (remove)
  • Save record
    BIBTEX Dublin Core MARCXML MARC (non-Unicode/MARC-8) MARC (Unicode/UTF-8) MARC (Unicode/UTF-8, Standard) MODS (XML) RIS
  • More searches
    Search for this title in:
    Other Libraries (WorldCat) Other Databases (Google Scholar) Online Stores (Bookfinder.com) Open Library (openlibrary.org)

Exporting to Dublin Core...

SOUTHVILLE LIBRARY

Southville International School and Colleges Library

1281 Tropical Ave. Cor. Luxembourg St., BF Homes International, Las Pinas City

Tel. No. 8256374 / 252358 Loc. 117/146

Powered by Koha